Opustil nás profesor MUDr. Ivan Žucha, CSc.

Bibliographic Details
Main Authors: Bernadič, Marián, 1952- (Author), Černák, Pavel, 1952- (Author)
Format: Article
Language:Slovak
Subjects:

MARC

LEADER 00000nab a2200000ua 4500
001 vtls010827724
003 SK-MaSNL
005 20260303103147.0
008 230121s2009 xo |||||||||||||||||slo|
035 |a (urnnbn)urn:nbn:sk:snk:ar-a06dhx 
035 |a urn:nbn:sk:snk-ab5thb 
035 |a (uuid)2ab8bb40-8ff4-4784-a951-486643eec36d 
040 |a SNKBUCL  |b slo  |c SNKBUCL  |e AACR2 
041 0 |a slo 
044 |a xo  |c SK 
100 1 |a Bernadič, Marián,  |d 1952-  |4 aut  |9 137185 
245 1 0 |a Opustil nás profesor MUDr. Ivan Žucha, CSc.  |c Marián Bernadič, Pavel Černák 
600 1 7 |a Žucha, Ivan,  |d 1935-2009  |2 SNKMA  |9 249788 
700 1 |a Černák, Pavel,  |d 1952-  |4 aut  |9 180117 
773 0 |t Psychiatria. Psychoterapia. Psychosomatika : časopis psychiatrov, psychoterapeutov a psychosomaticky orientovaných odborníkov na Slovensku  |g Roč. 16, č. 2 (2009), s. 115 
954 |a odborná, vedecká literatúra pôvodná (slovenská)  |2 lita 
958 |a OND 
958 |a EUIPO 
958 |a article5 
999 |c 1847813  |d 1849743